[Event "Mittelfranken-chTB2b 1213"]
[Site "Germany"]
[Date "2013.04.21"]
[Round "8.8"]
[White "Mueller, Maximilian1111"]
[Black "Ruderer, Sebastian"]
[Result "1-0"]
[WhiteElo "1797"]
[BlackElo "1683"]
[PlyCount "83"]
[EventDate "2012.10.07"]
[EventType "team-tourn"]
[EventRounds "9"]
[EventCountry "GER"]
[SourceTitle "EXT 2019"]
[Source "ChessBase"]
[SourceDate "2018.10.10"]
[SourceVersion "1"]
[SourceVersionDate "2018.10.10"]
[SourceQuality "1"]
[WhiteTeam "Buechenbach/Roth II"]
[BlackTeam "Heideck/Hilpoltstein"]
[WhiteTeamCountry "GER"]
[BlackTeamCountry "GER"]

1. e4 e5 2. Nf3 Nc6 3. Bb5 Nf6 4. 0-0 d6 5. c3 Be7 6. d4 exd4 7. cxd4 Bd7 8. Nc3 0-0 9. Bg5 h6 10. Bh4 a6 11. Bd3 Bg4 12. Be2 Nxe4 13. Bxe7 Qxe7 14. Nd5 Qd8 15. Rc1 Rc8 16. Ne3 Bxf3 17. Bxf3 f5 18. Nxf5 d5 19. Bxe4 dxe4 20. Qb3+ Kh8 21. Qxb7 Nxd4 22. Nxd4 Qxd4 23. Rxc7 Rb8 24. Qa7 Qxb2 25. Qxa6 e3 26. fxe3 Rxf1+ 27. Qxf1 Qxa2 28. Rc1 Re8 29. Qf2 Qa3 30. Re1 Rf8 31. Qd2 Qc5 32. h3 Qb6 33. Qd4 Qc7 34. e4 Qg3 35. Qe3 Qe5 36. Rd1 Qb5 37. e5 Re8 38. e6 Re7 39. Rd8+ Kh7 40. Qe4+ g6 41. Qd4 Re8 42. Rd7+ 1-0

[Event "Mittelfranken-chTB2b 1213"]
[Site "Germany"]
[Date "2012.12.02"]
[Round "4.8"]
[White "Arndt, Stefan"]
[Black "Ruderer, Sebastian"]
[Result "0-1"]
[WhiteElo "1447"]
[BlackElo "1683"]
[PlyCount "86"]
[EventDate "2012.10.07"]
[EventType "team-tourn"]
[EventRounds "9"]
[EventCountry "GER"]
[SourceTitle "EXT 2019"]
[Source "ChessBase"]
[SourceDate "2018.10.10"]
[SourceVersion "1"]
[SourceVersionDate "2018.10.10"]
[SourceQuality "1"]
[WhiteTeam "Gunzenhausen/Weissenburg II"]
[BlackTeam "Heideck/Hilpoltstein"]
[WhiteTeamCountry "GER"]
[BlackTeamCountry "GER"]

1. d4 d5 2. Nf3 e6 3. Bf4 Nf6 4. e3 c5 5. c3 Nc6 6. Nbd2 Bd6 7. Ne5 0-0 8. Bb5 Qc7 9. Ndf3 Nd7 10. Bxc6 bxc6 11. Nxd7 Bxd7 12. Bxd6 Qxd6 13. Ne5 cxd4 14. Nxd7 Qxd7 15. cxd4 Qd6 16. 0-0 c5 17. dxc5 Qxc5 18. Qd2 Rfd8 19. Rfc1 Qb6 20. Rc3 d4 21. Rb3 dxe3 22. Qxe3 Qxe3 23. Rxe3 Rd2 24. b3 Rc8 25. Ree1 g6 26. Red1 Re2 27. a3 Rcc2 28. Rf1 Rb2 29. Rab1 Kf8 30. g3 Ke7 31. b4 Ra2 32. Rb3 Rec2 33. Rd3 e5 34. h3 Ke6 35. Kg2 e4 36. Re3 Ke5 37. Kg1 f5 38. Rb3 Kd4 39. Re3 Rxf2 40. Rxf2 Ra1+ 41. Rf1 Rxf1+ 42. Kxf1 Kxe3 43. a4 Kd2 0-1

[Event "Mittelfrankenliga-B2b 0607"]
[Site "Mittelfranken"]
[Date "2007.03.25"]
[Round "8.8"]
[White "Ruderer, Sebastian"]
[Black "Gspahn, Thomas"]
[Result "1/2-1/2"]
[WhiteElo "1502"]
[BlackElo "1554"]
[PlyCount "27"]
[EventDate "2006.10.22"]
[EventType "team-tourn"]
[EventRounds "9"]
[EventCountry "GER"]
[SourceTitle "EXT 2011"]
[Source "ChessBase"]
[SourceDate "2010.11.26"]
[SourceVersion "1"]
[SourceVersionDate "2010.11.26"]
[SourceQuality "1"]
[WhiteTeam "Heideck/Hilpoltstein"]
[BlackTeam "Postbauer II"]
[WhiteTeamCountry "GER"]
[BlackTeamCountry "GER"]

1. d4 d5 2. c4 e6 3. Nf3 Nf6 4. Nc3 Nbd7 5. e3 c6 6. Bd3 g6 7. 0-0 Bg7 8. b3 0-0 9. Bb2 Qc7 10. Rc1 b6 11. cxd5 exd5 12. Nb5 Qb7 13. Nd6 Qc7 14. Nb5 1/2-1/2